| 000 | 00474nam a2200157Ia 4500 | ||
|---|---|---|---|
| 003 | OSt | ||
| 005 | 20200707150206.0 | ||
| 008 | 190216s9999||||xx |||||||||||||| ||und|| | ||
| 040 | _coclc | ||
| 082 |
_a951 _bNAI/C |
||
| 100 |
_aNair, T P Sankarankutty _93632 |
||
| 245 | 0 |
_aChinayude Charitram Vol 1 / _c T P Sankarankutty Nair |
|
| 260 |
_bKerala Bhasha Institute, _c1974. _aTrivandrum: |
||
| 300 | _a151p | ||
| 942 |
_cBK _2ddc _h951 _iNAI/C _k951 _mNAI/C |
||
| 999 |
_c39107 _d39107 |
||